Key writers on art

Saved in:
Bibliographic Details
Other Authors: Murray, Chris 1951- (Editor)
Format: Book
Language:English
Published: London : Routledge, c2003
Series:Routledge key guides
Subjects:
Tags: Add Tag
No Tags, Be the first to tag this record!

MARC

LEADER 00000nam a2200000 i 4500
001 1/87382
008 080602s2003 eng d
020 |a 0-415-24301-7 (hbk) 
020 |a 0-415-24302-5 (pbk) 
035 |l 10097861 
040 |a GR-MY-UA  |b gre  |e aacr 
041 0 |a eng 
082 0 |a 701.18  |2 (22) 
245 1 0 |a Key writers on art /  |c edited by Chris Murray 
260 |a London :   |b Routledge,   |c c2003 
300 |a 2τ.;  |c 22 εκ. 
490 1 |a Routledge key guides 
504 |a Περιλαμβάνει βιβλιογραφίες και ευρετήριο 
505 0 |a Τ.1: From antiquity to the nineteenth century 
650 0 0 |a Art criticism. 
700 1 |a Murray, Chris  |d 1951-  |4 edt 
830 0 |a Routledge key guides 
852 |a INST  |b SYROS  |e 20080602  |h 701.18 KEY  |p 005500005907  |q 005500005907  |t BK  |y 0  |z τ.1 
852 |a INST  |b SYROS  |e 20080602  |h 701.18 KEY  |p 005500005907  |q 005500005907  |t BK  |v τ.1:  |y 0  |z τ.1 
853 |a INST  |b SYROS  |h 701.18 KEY 
901 |a BIBL5-2008-2 
909 |a Ε  |b 152569 
922 |a 5ΕΛΗ  |b 200803  |c ΕΠΕΑΕΚ2/ΤΜΣΠΣ  |d ΕΛΕΥΘΕΡΟΥΔΑΚΗΣ 
970 |a ΚΟΝΤΟΥ  |b ΠΑΡΑΣΚΕΥΗ  |z 2008/06/02